|
|
|
|
| LEADER |
00000cam a22000004a 4500 |
| 001 |
musev2_54512 |
| 003 |
MdBmJHUP |
| 005 |
20230905045702.0 |
| 006 |
m o d |
| 007 |
cr||||||||nn|n |
| 008 |
130514s2013 sp o 00 0 spa d |
| 010 |
|
|
|z 2013408782
|
| 020 |
|
|
|a 9788437091976
|
| 020 |
|
|
|z 9788437090696
|
| 040 |
|
|
|a MdBmJHUP
|c MdBmJHUP
|
| 043 |
|
|
|a nwus---
|
| 050 |
0 |
4 |
|a PS153.I52
|b A94 2013
|
| 100 |
1 |
|
|a Averbach, Márgara,
|d 1957-
|
| 245 |
1 |
0 |
|a Caminar dos mundos :
|b Visiones indígenas en la literatura y el cine estadounidenses /
|c Márgara Averbach.
|
| 250 |
|
|
|a 1. ed.
|
| 264 |
|
1 |
|a [Valencia] :
|b Publicacions de la Universitat de Valencia,
|c 2013.
|
| 264 |
|
3 |
|a Baltimore, Md. :
|b Project MUSE,
|c 0000
|
| 264 |
|
4 |
|c ©2013.
|
| 300 |
|
|
|a 1 online resource (246 pages):
|b illustrations ;
|
| 336 |
|
|
|a text
|b txt
|2 rdacontent
|
| 337 |
|
|
|a computer
|b c
|2 rdamedia
|
| 338 |
|
|
|a online resource
|b cr
|2 rdacarrier
|
| 490 |
0 |
|
|a Biblioteca Javier Coy destudis nord-americans
|
| 500 |
|
|
|a Incluye referencias bibliográficas (pages [239]-241).
|
| 588 |
|
|
|a Description based on print version record.
|
| 650 |
|
0 |
|a Indians in motion pictures.
|
| 650 |
|
0 |
|a Indians in literature.
|
| 650 |
|
0 |
|a Motion pictures
|z United States
|x History
|y 20th century.
|
| 650 |
|
0 |
|a American literature
|x Indian authors
|x History and criticism.
|
| 655 |
|
7 |
|a Electronic books.
|2 local
|
| 710 |
2 |
|
|a Project Muse.
|e distributor
|
| 830 |
|
0 |
|a Book collections on Project MUSE.
|
| 856 |
4 |
0 |
|z Texto completo
|u https://projectmuse.uam.elogim.com/book/54512/
|
| 945 |
|
|
|a Project MUSE - Custom Collection
|